[Event "QCD-Prof Lim Kok Ann GM 2018"]
[Site "Singapore"]
[Date "2018.06.07"]
[Round "1"]
[White "Gareyev, Timur"]
[Black "Gong, Qianyun"]
[Result "1/2-1/2"]
[WhiteElo "2611"]
[BlackElo "2300"]
[Annotator "TA"]
[PlyCount "147"]
[EventDate "2018.06.12"]
[EventType "tourn"]
[SourceTitle "playchess.com"]
[Source "ChessBase"]
[SourceQuality "1"]

{[%evp 9,147,7,36,34,52,22,28,28,27,25,32,32,39,43,32,35,34,38,48,21,62,47,78,58,125,147,336,168,344,168,304,296,268,249,254,279,314,319,318,271,276,276,277,278,296,296,327,239,241,106,98,78,80,75,93,97,113,0,7,7,19,19,19,19,21,20,20,0,28,30,31,30,30,30,31,31,31,31,33,31,35,33,34,37,38,43,40,45,50,35,35,37,39,22,22,22,22,6,51,44,42,28,32,32,26,33,31,37,31,29,27,32,40,54,54,0,0,0,0,0,0,0,0,0,0,0,0,0,0,0,0,-12836,-5616,-1371,0,0,0,-74,-36,-127]} 1. d4 Nf6 2. c4 e6 3. Nf3 b6 4. g3 Bb7 5. Bg2 g6 {LiveBook: 227 Games} 6. Qc2 $146 {E16: Queen's Indian: 4 g3 Bb7 5 Bg2 Bb4+} (6. O-O Bg7 7. Nc3 Ne4 8. Nxe4 Bxe4 9. Ne5 Bxg2 10. Kxg2 c5 11. Be3 Bxe5 12. dxe5 Qc7 13. Bd2 Nc6 14. Bc3 O-O-O 15. f4 h5 16. e3 g5 {0-1 (39) Fedoseev,V (2731)-Rodshtein,M (2695) Tbilisi 2017}) ({Predecessor:} 6. O-O Bg7 7. Nc3 Ne4 8. Nxe4 Bxe4 9. Bg5 Qc8 10. Qd2 h6 11. Be3 Nc6 12. d5 Bxf3 13. exf3 Ne7 14. Rac1 Nf5 15. f4 Rb8 16. dxe6 fxe6 {½-½ (28) Cosma,I (2400)-Stanciu,A (2373) Baile Govora 2017}) 6... Be4 7. Qc3 Bg7 8. O-O {White has an edge.} O-O 9. Rd1 d6 10. Bg5 Nbd7 11. Qc1 Qc8 12. Nc3 Bb7 13. d5 Re8 14. Bh3 Ba6 15. dxe6 fxe6 16. Nd4 Ne5 (16... Bxc4 $14 17. b3 c5 18. bxc4 cxd4 19. Rxd4 Nd5) 17. Nd5 Kf7 $2 (17... Nfg4 $16 18. Ne7+ Rxe7) 18. b3 ({Resist} 18. Qf4 Qd8 $18) (18. Bxf6 $142 Bxf6 19. Qh6) 18... Bb7 $2 (18... Nh5 19. Qe3 c6) 19. Qf4 (19. Bxf6 $142 Bxf6 20. Qh6) 19... Ned7 (19... Qd8 $142) 20. Nxe6 $18 Rxe6 21. Bxe6+ Kxe6 22. Qe3+ $1 Kf7 {And now ...Nxd5 would win.} 23. Qe7+ Kg8 {...Nxd5 is the strong threat.} 24. Nxf6+ Nxf6 25. Bxf6 {[%csl Gf6][%cal Re7g7]} Bf8 26. Qe3 Qh3 {[%csl Gb7][%cal Rh3g2]} 27. f3 Bh6 28. Bg5 Bg7 29. g4 (29. Qe7 $18 {has better winning chances.}) 29... Rf8 $16 30. Qf2 h6 31. Bh4 g5 32. Bg3 h5 {[#]} 33. Qf1 ({Only move:} 33. Qe3 $1 $16) 33... Qxf1+ $11 34. Rxf1 Bd4+ 35. Bf2 Bxa1 36. Rxa1 hxg4 37. fxg4 {[%mdl 4096] Endgame KRB-KRB} Re8 38. Re1 Re4 39. h3 d5 40. cxd5 Bxd5 41. Bg3 c6 42. Kf2 Kg7 43. Bb8 a5 44. Bc7 a4 45. Bxb6 axb3 46. axb3 Bxb3 47. Rb1 Bc4 48. Be3 {aiming for Rb4.} Kg6 49. Rb8 Re7 50. Rc8 Bd5 51. Rh8 Rf7+ 52. Ke1 Re7 53. Kd2 Bf7 54. Rh5 Re5 55. h4 {[%cal Rh4g5]} Rd5+ 56. Kc3 {[%cal Re3g5]} Kg7 57. Bd4+ Kg6 58. e4 Rb5 59. Be3 {[%cal Re3g5]} Rb3+ 60. Kd2 gxh4 61. Rh6+ Kg7 {Threatens to win with ...Rxe3!} 62. Rxc6 ({Better is} 62. g5 $14) 62... Rb2+ 63. Kd3 Rg2 64. g5 {White wants to play Rh6.} Rg4 65. Bd4+ Kf8 $1 66. Rc8+ Ke7 67. Rc7+ Ke6 68. Bf6 Bg6 {Hoping for ...h3.} 69. Re7+ Kd6 {Strongly threatening ...h3.} 70. Ke3 $2 {[%mdl 8192]} (70. Rg7 $11 Bxe4+ 71. Ke3) 70... h3 $19 71. e5+ {[#]} Kd5 $2 (71... Kc6 $1 $19 {( -> ...h2)} 72. Re6+ Kb5) 72. Rd7+ $11 Ke6 73. Rd6+ (73. Rd8 $11) 73... Kf5 $17 {[%mdl 1024] Black has strong compensation.} 74. Rd1 {Precision: White = 51%, Black = 59%.} 1/2-1/2

[Event "QCD-Prof Lim Kok Ann GM 2018"]
[Site "Singapore"]
[Date "2018.06.07"]
[Round "1"]
[White "Goh, Wei Ming Kevin"]
[Black "Lee, Qing Aun"]
[Result "1-0"]
[WhiteElo "2477"]
[BlackElo "2339"]
[Annotator "TA"]
[PlyCount "105"]
[EventDate "2018.06.12"]
[EventType "tourn"]
[SourceTitle "playchess.com"]
[Source "ChessBase"]
[SourceQuality "1"]

{[%evp 21,105,34,20,22,52,28,60,43,74,66,76,70,79,79,91,68,85,67,49,51,66,72,87,75,88,97,111,68,66,81,79,29,26,-11,0,0,70,68,132,133,147,131,192,193,247,241,301,310,535,535,535,507,523,507,514,381,535,543,536,522,561,557,689,686,721,649,721,645,616,547,29989,29990,29990,29991,5377,721,686,686,699,699,698,686,686,665,643,625]} 1. e4 c5 2. Nf3 e6 3. d4 cxd4 4. Nxd4 a6 5. c4 Nf6 6. Nc3 Bb4 7. Qd3 {B41: Sicilian: Kan Variation: 5 c4} d5 (7... O-O 8. Be2 d6 9. O-O Nbd7 10. Qc2 Bxc3 11. bxc3 Nc5 12. f3 Qc7 13. Be3 Bd7 14. Qd2 e5 {0-1 (45) Jakovenko,D (2710)-Andreikin,D (2708) Sochi 2017}) 8. exd5 exd5 9. Be2 Nc6 10. Nxc6 bxc6 11. O-O O-O {LiveBook: 16 Games} 12. cxd5 cxd5 13. Rd1 {[%cal Rc3d5]} Bb7 $146 ({Predecessor:} 13... Be6 14. a3 Be7 {1-0 (58) Filipenko,A (2291)-Vasiliev,G (2135) Sochi 2017}) 14. a3 Bxc3 15. Qxc3 Rc8 16. Qb4 Re8 17. Be3 Qd7 18. Bf3 Bc6 19. Qf4 Ba4 20. Rd4 {[%cal Bd1d4,Bd4b4,Bb4b6][%mdl 32]} Bc2 21. h3 Be4 22. Be2 Qe6 23. Bf1 Nd7 24. Rad1 Ne5 25. Rb4 Qg6 26. Rb6 f6 27. b3 Rc3 {[#] And now ...d4! would win.} 28. Kh2 Nd3 ({Black should play} 28... a5 $11) 29. Qg4 $14 Qxg4 (29... Qf7 $1 $14) 30. hxg4 $16 Ne5 31. Bd4 $36 {[%mdl 2048] White is in control.} Rc2 (31... Rc6 $16) 32. Kg3 $18 Nc6 (32... Rc6 $142) 33. Bxa6 Re6 34. Ba1 Ra2 $2 {[#]} (34... Nd8 35. Rxe6 Nxe6) 35. Bc8 Rd6 36. Bb7 d4 37. f3 Bc2 38. Rd2 ({Worse is} 38. Rxc6 Rxc6 39. Rd2 (39. Bxc6 Bxd1 40. Bxd4 Bxb3 $17) (39. Rxd4 $2 Rc7 $19) 39... Rd6 $17) 38... d3 (38... Rxa1 {was necessary.} 39. Rxc2 d3) 39. Bc3 ({Less strong is} 39. Bxc6 Rxa1 40. Kf2 Rxa3 $14) ({Not} 39. Rxc6 Rxc6 40. Bxc6 Rxa1 $16) 39... Rxa3 40. Rxc6 Rxc6 41. Bxc6 Bxb3 42. Rxd3 Bc4 43. Rd8+ Kf7 44. Rd7+ Kg8 45. Bb4 Ra2 46. Rd8+ Kf7 47. Be8+ Ke6 48. Rd6+ {White is clearly winning.} Ke7 49. Bb5 Rb2 50. Rd7+ Ke6 51. Re7+ Kd5 52. Bxc4+ Kxc4 53. Be1 {Precision: White = 69%, Black = 28%.} 1-0

[Event "QCD-Prof Lim Kok Ann GM 2018"]
[Site "Singapore"]
[Date "2018.06.07"]
[Round "1"]
[White "Nguyen, Anh Dung"]
[Black "Liu, Xiangyi"]
[Result "0-1"]
[WhiteElo "2465"]
[BlackElo "2449"]
[Annotator "TA"]
[PlyCount "98"]
[EventDate "2018.06.12"]
[EventType "tourn"]
[SourceTitle "playchess.com"]
[Source "ChessBase"]
[SourceQuality "1"]

{[%evp 18,98,26,28,33,0,19,22,39,10,15,9,46,27,44,-11,0,-6,0,0,0,-16,0,0,0,0,0,0,0,-25,0,-30,-29,-34,-35,-47,-38,-70,-68,-85,-83,-98,-98,-109,-110,-202,-226,-205,-189,-198,-75,-72,-27,-559,-559,-559,-551,-446,-442,-912,-910,-854,-821,-941,-877,-1060,-993,-2475,-963,-754,-700,-5401,-5401,-29949,-12640,-29981,-29982,-29982,-29983,-29983,-29984,-29984,-29984]} 1. d4 Nf6 2. c4 e6 3. Nf3 b6 4. g3 Bb7 5. Bg2 Be7 6. O-O O-O 7. Nc3 Ne4 8. Bd2 f5 9. Qc2 Bf6 {E18: Damenindisch (Hauptfortsetzung)} (9... Nxc3 10. Qxc3 Bf6 11. Rad1 Nc6 12. Qe3 Ne7 13. Bc3 Qe8 14. Ne1 Bxg2 15. Nxg2 Ng6 16. Qd3 Rd8 17. e4 fxe4 18. Qxe4 {½-½ (41) Aronian,L (2780)-Ivanchuk,V (2757) Leuven 2017}) 10. Rfd1 {LiveBook: 11 Partien} Na6 11. a3 c5 $146 {Die Stellung ist ausgeglichen.} ({Vorgänger:} 11... Qc8 12. Rac1 Nxc3 13. Bxc3 Be4 14. Qd2 Qb7 15. b4 d6 16. d5 {0-1 (39) Henao Ortiz,C (1826)-Lopez Idarraga,D (2056) Medellin 2017}) 12. d5 Nc7 {[%cal Re6d5]} 13. dxe6 Nxe6 14. Nd5 Qe8 15. Bc3 Nxc3 16. Nxf6+ (16. bxc3 $14 Bc6 17. Nxf6+ Rxf6 18. a4) 16... Rxf6 $11 17. Qxc3 Rd8 18. Rd2 f4 19. Rad1 Bxf3 20. Bxf3 Nd4 21. Bd5+ Kh8 22. e3 fxe3 23. fxe3 (23. Qxe3 {feels hotter.} Qh5 24. Re1 b5 25. Qe5 Rf5 26. Qc7) 23... Nf5 24. Rf1 Qxe3+ 25. Qxe3 Nxe3 {[%csl Ge3][%cal Rf6f1]} 26. Rxf6 gxf6 {[%mdl 4096] Endspiel KTL-KTS} 27. Be6 Re8 $1 28. Bxd7 Nxc4 {Und ...Td8 würde nun gewinnen.} 29. Rf2 Re1+ 30. Kg2 Rb1 31. Rxf6 (31. Be6 $17 Ne5 32. Re2) 31... Rxb2+ $19 32. Kh3 Ne5 33. Bf5 Rf2 (33... Kg7 $1 $19 {[%cal Rg7f6] bietet bessere Gewinnchancen.} 34. Re6 Nf3) 34. g4 $17 c4 {Droht stark ...Tf3+.} 35. Rh6 $2 {[%mdl 8192] [#]} (35. Re6 $11 Ng6 36. Bxg6 hxg6 37. Rxg6) 35... Rxf5 $1 $19 {[%mdl 512]} 36. gxf5 {Schwarz muss nun Te6 beachten. KT-KS} c3 37. Rd6 {[#] Droht Td8+ und aus.} b5 $1 ({Nicht} 37... c2 $2 38. Rd8+ Kg7 39. Rc8 $18) 38. f6 (38. Rd1 $142 a5 39. Kg3) 38... Kg8 39. Rd1 {[#]} a5 $1 {[%cal Ba7a5,Ba5b4][%mdl 32]} 40. Kh4 b4 41. axb4 axb4 42. Kg5 Kf7 (42... c2 $142 43. Ra1 b3) 43. Kf5 c2 44. Rg1 Nd3 45. Rg7+ Kf8 46. Ra7 c1=Q {Schwarz setzt Matt.} 47. Ra8+ Kf7 {[%csl Gd3][%cal Rc1f4]} 48. Ra7+ Ke8 49. f7+ Kf8 {Precision: Weiß = 23%, Schwarz = 47%.} 0-1

[Event "QCD-Prof Lim Kok Ann GM 2018"]
[Site "Singapore"]
[Date "2018.06.07"]
[Round "1"]
[White "Tin, Jingyao"]
[Black "Munkhgal, Gombosuren"]
[Result "1-0"]
[WhiteElo "2445"]
[BlackElo "2435"]
[Annotator "TA"]
[PlyCount "187"]
[EventDate "2018.06.12"]
[EventType "tourn"]
[SourceTitle "playchess.com"]
[Source "ChessBase"]
[SourceQuality "1"]

{[%evp 12,187,6,5,18,24,14,16,31,11,15,18,30,30,34,28,47,44,45,46,35,47,41,30,60,45,31,38,59,48,111,111,120,109,115,114,145,131,127,110,155,150,175,168,158,42,47,39,158,60,91,8,18,0,0,0,0,0,0,0,0,0,0,0,0,0,0,0,112,116,120,118,128,138,191,168,168,0,0,0,0,0,0,0,0,0,0,0,0,0,267,66,102,0,17,0,0,0,0,0,0,0,0,0,0,0,0,0,0,0,0,0,0,0,0,0,0,0,0,0,0,0,0,0,0,0,0,0,0,0,0,0,0,0,0,0,0,0,0,0,0,0,0,0,0,0,0,0,0,0,0,0,0,0,0,0,12838,12370,12840,12840,12841,0,0,0,12841,12842,12843,12843,12844,12844,12845,12845,12844,12844,12845,12845,12845,12846]} 1. d4 Nf6 2. c4 e6 3. Nf3 d5 4. Nc3 Bb4 5. Qa4+ Nc6 6. e3 O-O 7. Bd2 dxc4 {D38: Queen's Gambit Declined: Ragozin Defence (4 Nf3 Bb4)} 8. Bxc4 a6 (8... Bd6 9. Qc2 e5 10. dxe5 Nxe5 11. Nxe5 Bxe5 12. O-O-O {½-½ (12) Wang,Y (2699)-Le,Q (2739) Ashkhabad 2017}) 9. Qc2 Bd6 {The position is equal.} 10. Ne4 Nxe4 11. Qxe4 Bd7 12. O-O Qf6 13. Bc3 Ne7 14. Ne5 $146 {[%mdl 128] White is up to no good.} ({Predecessor:} 14. Qg4 Rad8 15. e4 {0-1 (90) Tin,J (2404)-Sarana,A (2543) Tarvisio 2017}) 14... Bxe5 15. dxe5 Qg6 16. Qh4 Nf5 17. Qf4 Bb5 18. a4 Bxc4 19. Qxc4 Rfd8 20. Rad1 ({But not} 20. Qxc7 $2 Nh4 $19) 20... h5 (20... c6 $1 $14) 21. Rxd8+ $16 Rxd8 22. Qxc7 Rd5 23. Qc4 ({Not} 23. Qxb7 Nh4 $17) 23... b5 24. axb5 axb5 25. Qf4 Ne7 26. e4 $1 {[%cal Re4d5]} Rd3 27. f3 $1 Nc6 28. Kh1 (28. Rc1 $1 $16) 28... b4 $14 29. Bd2 Rb3 (29... f5 $14) 30. Bc1 (30. Rc1 $16 Nd4 31. Qh4) 30... Rd3 31. Be3 (31. h4 $16) 31... Nxe5 32. Qxe5 Rxe3 $11 {[%mdl 4096] Endgame KQR-KQR} 33. Qb8+ Kh7 {Threatening ...Re2.} 34. Qxb4 Re2 {[%csl Ge2][%cal Rg6g2]} 35. Rg1 Qg5 36. Qd4 Qb5 37. b4 Rc2 38. Rb1 e5 39. Qd1 (39. Qa7 {with more complications.} Qe2 40. Rg1 f6 41. Qd7 Rb2 42. Qe8) 39... Rc4 (39... Qc4 $11) 40. Qf1 $16 f6 41. h3 h4 42. Kh2 g5 (42... Kh6 $16 43. Qd3 Kg6) 43. Qd3 $18 Kg6 44. Qd8 $2 ({Better is} 44. Rb2 $18) 44... Rc2 $1 $11 45. Qd1 Qc4 46. Ra1 Rb2 47. Ra7 Qe2 48. Qxe2 Rxe2 {KR-KR} 49. b5 Rb2 50. Rb7 Kh6 $2 {[%mdl 8192]} (50... Rb1 $11 {and Black has nothing to worry.}) 51. b6 $2 (51. Kg1 $1 $18) 51... Rb1 $1 $14 52. Rb8 (52. g4 $1 $16) 52... Kh7 53. g4 Kg7 54. Kg2 {Strongly threatening b7.} Rb2+ 55. Kf1 Kf7 56. b7 Kg7 57. Ke1 Kh7 58. Kd1 Kg7 59. Kc1 Rb6 60. Kc2 Rb5 61. Kc3 Rb1 62. Kc4 Rc1+ 63. Kd5 Rd1+ 64. Kc5 {Intending Ra8 and mate.} Rc1+ 65. Kd6 {White wants to mate with Ra8.} Rd1+ $1 66. Ke6 {White threatens Ra8 and mate.} Rb1 67. Ke7 {And now Ke6 would win.} Rb2 68. Ke8 Rb1 69. Kd7 {Kc6 is the strong threat.} Rd1+ 70. Ke6 {Threatening mate with Ra8.} Rb1 71. Kf5 {aiming for Ke6.} Rb6 72. Ra8 Rxb7 73. Ra6 Rf7 74. Rd6 Rf8 75. Rd7+ Rf7 76. Ke6 Rxd7 77. Kxd7 $11 {Threatens to win with Ke7. KP-KP} Kh7 $1 78. Kc6 {Hoping for Kd7.} Kg6 79. Kd5 Kg7 80. Kc5 Kh7 $1 81. Kb5 Kg7 $1 82. Ka5 Kh7 $1 83. Ka6 Kg7 $2 {[%mdl 8192]} (83... Kg6 $11 84. Kb6 Kh6) 84. Ka7 $1 $18 Kh7 85. Kb7 $1 Kh8 86. Kb6 $2 (86. Kc6 $1 $18 {[%cal Rc6d6]} Kg7 87. Kc7) 86... Kh7 $1 $11 87. Kb7 Kg7 $2 {[%mdl 8192]} (87... Kh8 $11) 88. Kc7 $1 $18 {White is clearly winning.} Kh7 89. Kd7 $1 Kh6 {[#]} 90. Ke8 $1 {[%cal Re8f7]} Kg7 91. Ke7 Kg6 {[#]} 92. Kf8 $1 {[%cal Rf8g8]} f5 93. exf5+ Kf6 94. Ke8 {Precision: White = 69%, Black = 68%.} 1-0

[Event "QCD-Prof Lim Kok Ann GM 2018"]
[Site "Singapore"]
[Date "2018.06.07"]
[Round "1"]
[White "Sukandar, Irine Kharisma"]
[Black "Batchuluun, Tsegmed"]
[Result "0-1"]
[WhiteElo "2396"]
[BlackElo "2561"]
[Annotator "TA"]
[PlyCount "138"]
[EventDate "2018.06.12"]
[EventType "tourn"]
[SourceTitle "playchess.com"]
[Source "ChessBase"]
[SourceQuality "1"]

{[%evp 21,138,5,25,0,0,0,0,-8,13,0,0,0,0,0,0,0,0,0,0,-10,-6,-7,0,0,-9,-17,-18,-49,-57,-66,-58,-47,-59,-53,-12,-22,-19,-19,0,0,32,0,0,0,0,-3,-6,-25,-25,-23,-22,-22,-19,-22,0,0,0,0,0,0,0,0,0,0,0,0,0,0,0,0,0,0,0,-55,-55,-59,-5,-10,0,0,0,-6,0,-8,0,0,0,0,0,0,0,0,0,0,0,0,0,0,0,0,0,0,0,-132,-99,-12837,-12839,-12839,-12839,-12840,-1850,-12846,-12845,-12844,-12844,-12848,-12847,-12849,-12847]} 1. e4 e5 2. Nf3 Nc6 3. Bc4 Bc5 4. O-O Nf6 5. d3 O-O 6. h3 d6 7. c3 h6 8. Nbd2 a5 {C54: Giuoco Piano: 4 c3 Nf6, main lines with 5 d4 and 5 d3} 9. a4 Be6 10. Re1 Re8 11. Bb5 Bd7 {LiveBook: 3 Games} 12. Nc4 Ne7 {[#] Threatens to win with ...c6.} 13. Bxd7 Qxd7 {[#]} 14. Bd2 $146 ({Predecessor:} 14. Be3 Bxe3 15. Rxe3 Ng6 16. Qb3 {0-1 (38) Malakhov,V (2722)-Le,Q (2726) Danzhou 2017}) 14... Nc6 15. Qb3 b6 16. Be3 Rad8 17. Rad1 Bxe3 18. Nxe3 d5 19. exd5 Nxd5 20. Nxd5 Qxd5 21. Qb5 f6 22. d4 Kf7 23. dxe5 Qxb5 24. e6+ Rxe6 25. axb5 Rxe1+ 26. Rxe1 $15 {[%mdl 4096] Endgame KRN-KRN} Na7 27. c4 $1 Rd3 28. Kf1 Rd7 29. Rc1 c6 30. c5 Rb7 31. bxc6 (31. Nd4 $5 {[%cal Rb5c6]} Nxb5 32. Nxc6 $14) 31... Nxc6 32. cxb6 Rxb6 33. Rc5 Ke7 34. Ne1 Kd6 35. Rc2 $1 Nd4 36. Rc4 Kd5 37. Ra4 Nc6 38. Nd3 g5 39. Ke1 Rb8 40. Kd2 h5 41. Ra1 Kd4 42. Ra4+ Kd5 43. Ra1 h4 44. Ra4 Re8 45. Kc3 Re2 46. Rxh4 Rxf2 47. Rh6 (47. Rh5 $11 Rf1 48. h4) 47... Rxg2 48. Rxf6 Nd4 (48... Rg3 $1 $15 49. Kd2 Rxh3) 49. Nf2 $1 $11 Ne2+ 50. Kd2 Nf4 51. Ke3 Rg3+ 52. Kd2 Rf3 53. Ng4 Ke4 54. Ra6 Nxh3 55. Rxa5 Kf4 56. Ra4+ Kg3 57. Ne3 Rf2+ 58. Kc3 Kf3 59. Nc2 g4 {[%cal Bg5g4,Bg4g3,Bg3g2][%mdl 32]} 60. Ne1+ Kg3 61. Nd3 Re2 62. Rd4 (62. Ra6 $11 {remains equal.}) 62... Kf3 $17 {[#] Hoping for ...g3.} 63. b4 $2 {[%mdl 8192]} (63. Ra4 $17) 63... g3 $19 {Black is clearly winning.} 64. Rh4 Nf2 65. Rf4+ Ke3 66. Rd4 Ne4+ 67. Kc4 g2 68. Nc1 Rc2+ 69. Kd5 Nc3+ {Precision: White = 61%, Black = 61%.} 0-1

[Event "QCD-Prof Lim Kok Ann GM 2018"]
[Site "Singapore"]
[Date "2018.06.08"]
[Round "2"]
[White "Liu, Xiangyi"]
[Black "Sukandar, Irine Kharisma"]
[Result "1/2-1/2"]
[WhiteElo "2449"]
[BlackElo "2396"]
[Annotator "TA"]
[PlyCount "114"]
[EventDate "2018.06.12"]
[EventType "tourn"]
[SourceTitle "playchess.com"]
[Source "ChessBase"]
[SourceQuality "1"]

{[%evp 19,114,10,5,0,0,0,0,0,8,-4,50,49,59,50,50,0,0,0,-7,-8,39,9,15,-5,0,-15,0,0,0,0,0,0,0,0,0,0,0,0,0,0,0,0,0,0,0,0,0,0,0,0,0,0,0,0,0,0,0,0,0,0,11,17,47,9,119,13,6,0,0,0,16,0,0,0,0,0,0,0,1,0,0,0,0,0,8,0,0,0,0,0,0,0,0,0,0,0,0]} 1. e4 c5 2. Nf3 e6 3. g3 Nc6 4. Bg2 g6 5. O-O Bg7 6. Re1 Nge7 7. c3 e5 8. d3 d6 9. a3 O-O 10. b4 a6 11. Be3 {A04: Unusual lines after 1 Nf3 and King's Indian Attack} (11. Nbd2 Be6 12. Rb1 h6 13. Nc4 b5 14. Ne3 Qd7 15. c4 Nd4 16. Nxd4 cxd4 17. Nd5 Nxd5 18. exd5 Bg4 {0-1 (30) Amin,B (2693)-Shetty,A (2389) chess.com INT 2018}) 11... b6 12. Nbd2 h6 13. Nc4 $146 ({Predecessor:} 13. Nf1 Be6 14. d4 cxd4 15. cxd4 d5 16. Nxe5 Nxe5 17. dxe5 Bxe5 18. Bxh6 Re8 19. exd5 Bxa1 20. Qxa1 Nf5 21. dxe6 Nxh6 22. Bxa8 Qxa8 23. Qf6 Kh7 24. exf7 Rf8 25. Re6 {1-0 (25) Lercel,M (2178)-Seifert,H (2235) Ustron 2008}) 13... Be6 14. Qd2 Kh7 (14... b5 $11 15. Nb2 g5) 15. a4 $14 f5 16. exf5 gxf5 17. b5 (17. Nh4 $14) 17... axb5 $11 18. axb5 {[#] Rxa8 is the strong threat.} Rxa1 $1 19. Rxa1 Bxc4 (19... d5 $5 {[%cal Rd5c4]}) 20. bxc6 (20. dxc4 $5 {[%cal Rb5c6]} Na5 21. Qe2 $11) 20... Bd5 21. Ra7 f4 22. c7 Qc8 23. gxf4 exf4 24. Bxf4 Ng6 25. Bxd6 Bxf3 26. Bxf3 (26. Bxf8 {is a self mate.} Qg4 27. Qxh6+ Kxh6 28. Bxg7+ Kh7 29. Kf1 Qxg2+ 30. Ke1 Qh1+ 31. Kd2 Qd1+ 32. Ke3 Qe2#) 26... Rxf3 27. Qe2 Rf6 $1 {[%cal Rf6d6]} 28. Bg3 {Black must now prevent h4.} Rf8 $1 29. Ra4 Bxc3 30. Re4 Bd4 31. Re6 $1 {[#] Threatens to win with Qe4.} Bxf2+ $1 {[%mdl 512]} 32. Bxf2 Qxc7 33. Bg3 Qd7 34. Qe4 Qf7 {[%csl Gf8][%cal Rf7f1]} 35. h4 Qf5 36. Rxb6 Qxe4 37. dxe4 {[%mdl 4096] Endgame KRB-KRN} Re8 38. h5 Ne5 39. Kf2 Nf7 40. Ke3 Rg8 41. Bf4 Re8 (41... Rg1 $11 {remains equal.}) 42. Rb7 ({White should try} 42. Rc6 $16) 42... Kg8 {The position is equal.} 43. Rc7 Ne5 44. Rxc5 Ng4+ $1 45. Kd4 {Strongly threatening Rc6.} Nf6 46. Be5 Nxh5 47. Rc7 Rd8+ 48. Ke3 Re8 49. Kd4 Rd8+ 50. Kc4 Rd1 51. Ra7 Rf1 52. Kd5 Nf6+ 53. Bxf6 Rxf6 54. e5 Rb6 55. Ke4 Kf8 56. Kf5 Ke8 57. Rh7 Ra6 {Precision: White = 56%, Black = 71%.} 1/2-1/2

[Event "QCD-Prof Lim Kok Ann GM 2018"]
[Site "Singapore"]
[Date "2018.06.08"]
[Round "2"]
[White "Tin, Jingyao"]
[Black "Gareyev, Timur"]
[Result "0-1"]
[WhiteElo "2445"]
[BlackElo "2611"]
[Annotator "TA"]
[PlyCount "96"]
[EventDate "2018.06.12"]
[EventType "tourn"]
[SourceTitle "playchess.com"]
[Source "ChessBase"]
[SourceQuality "1"]

{[%evp 12,96,0,-20,-18,-15,-18,-23,-29,-27,-10,-14,-12,-28,-24,-10,0,-27,-26,-25,0,-61,-43,-60,-38,-106,-80,-110,-50,-52,-30,-70,-62,-65,0,5,0,0,0,-54,-34,-43,-55,-93,-93,-108,-100,-179,-177,-171,-169,-167,-169,-143,-127,-236,-165,-351,-337,-569,-299,-530,-477,-1003,-1002,-1173,-1092,-1376,-1329,-2548,-1581,-5203,-5211,-5203,-5119,-4902,-1142,-29982,-29983,-29983,-29981,-29981,-12843,-29982,-29982,-29977,-12843]} 1. d4 Nf6 2. c4 e6 3. Nc3 Bb4 4. e3 O-O 5. Nge2 Re8 6. a3 Bf8 7. g3 d5 {E46: Nimzo-Indian: Rubinstein: 4 e3 0-0 5 Ne2 without early Bd3} 8. cxd5 exd5 9. Bg2 a5 {Black has an edge.} 10. O-O Na6 11. Nf4 {[%cal Rc3d5]} c6 $1 {[%cal Bc7c6,Bc6c5][%mdl 32]} 12. f3 b5 {[%cal Bb7b5,Bb5b4][%mdl 32]} (12... c5 13. Kh1 Nc7 14. g4 h6 15. Nce2 {0-1 (54) Nakamura,H (2787)-Carlsen,M (2853) chess.com INT 2016}) 13. Qc2 {[#]} b4 $146 ({Predecessor:} 13... Bb7 14. Rd1 Rc8 15. Qf2 {0-1 (44) Peng,X (2423)-Moiseenko,A (2667) China 2017}) 14. Nce2 Qb6 15. g4 Bb7 16. Kh1 (16. g5 $11 Nd7 17. Qf5) 16... c5 17. g5 Nd7 18. Bd2 (18. Rd1 $15) 18... g6 19. axb4 axb4 (19... Nxb4 $17 20. Qc3 cxd4 21. Nxd4 Bg7) 20. Bh3 $15 Red8 21. Be1 Be7 22. Rg1 b3 (22... c4 $15) 23. Qd1 $11 {Strongly threatening Ba5.} Nc7 24. Rxa8 Bxa8 25. Qa1 ({White should play} 25. Nd3 $11) 25... Bc6 26. Ba5 Qb7 27. Bxd7 Rxd7 28. Bxc7 Qxc7 29. Nd3 (29. h4 $17) 29... Bb5 $19 30. Qd1 Bxd3 $1 31. Qxd3 c4 32. Qd2 Qb7 33. Nf4 (33. h4 $17 {might work better.}) 33... Bd6 34. Nh3 $2 (34. Ne2 {keeps fighting.}) 34... Qb4 35. Qc1 $2 {[#]} (35. Qxb4 Bxb4 36. Nf2) 35... c3 $1 {[%mdl 512]} 36. bxc3 $2 (36. Qxc3 Qxc3 37. bxc3) 36... Qb5 37. Qd2 (37. Qf1 $142 Qxf1 38. Rxf1) 37... Ra7 38. Nf2 b2 39. Qd3 Qb3 40. c4 dxc4 {[%cal Bd5c4,Bc4b3][%mdl 32]} 41. Qxb3 cxb3 {[%mdl 4096] Endgame KRB-KRN} 42. Nd3 Ra2 43. d5 {[#]} Ba3 (43... Be5 $142 $1 {[%mdl 512]} 44. Nxb2 (44. Nxe5 Ra1) 44... Rxb2) 44. f4 Ra1 45. Nxb2 Bxb2 46. d6 Rxg1+ 47. Kxg1 Ba3 48. d7 Be7 {Precision: White = 21%, Black = 55%.} 0-1

[Event "QCD-Prof Lim Kok Ann GM 2018"]
[Site "Singapore"]
[Date "2018.06.08"]
[Round "2"]
[White "Munkhgal, Gombosuren"]
[Black "Batchuluun, Tsegmed"]
[Result "1/2-1/2"]
[WhiteElo "2435"]
[BlackElo "2561"]
[Annotator "TA"]
[PlyCount "46"]
[EventDate "2018.06.12"]
[EventType "tourn"]
[SourceTitle "playchess.com"]
[Source "ChessBase"]
[SourceQuality "1"]

{[%evp 13,46,8,7,13,14,-15,4,0,7,0,0,0,0,0,0,0,5,5,5,3,5,7,12,0,0,0,0,0,5,0,0,0,7,0,0]} 1. d4 d5 2. Nf3 Nf6 3. Bf4 c5 4. e3 Nc6 5. Nbd2 (5. c3 e6 6. Nbd2 Bd6 7. dxc5 Bxc5 8. Bd3 h6 9. Qe2 Nh5 10. Bg3 Nxg3 11. hxg3 Bd7 12. e4 dxe4 13. Nxe4 Be7 14. g4 Qc7 15. g5 O-O-O 16. gxh6 gxh6 {½-½ (101) Mamedyarov,S (2809)-Nakamura,H (2787) Moscow 2018}) 5... cxd4 6. exd4 {D02: 1 d4 d5 2 Nf3 sidelines, including 2...Nf6 3 g3 and 2...Nf6 3 Bf4} Qb6 7. Nb3 Bf5 {LiveBook: 5 Games. The position is equal.} 8. c3 e6 9. h3 $146 ({Predecessor:} 9. Be2 h6 10. a4 a5 11. O-O Be7 12. Ne5 O-O {0-1 (50) Rakesh,K (2247)-Kiewra,K (2454) Douglas 2016}) 9... Be7 10. a4 {[%cal Ba2a4,Ba4a5][%mdl 32]} a6 11. a5 Qd8 12. Bd3 Bxd3 13. Qxd3 O-O 14. O-O b6 15. Ne5 Nxe5 16. Bxe5 Nd7 17. Bf4 b5 18. Nd2 Rc8 19. b4 Rc6 20. Nb3 Rc4 21. Nd2 Rc6 22. Nb3 Rc4 23. Nd2 Rc6 {Precision: White = 44%, Black = 86%.} 1/2-1/2